00391nam a22001217a 4500003000500000082001200005100002900017245011000046260003600156300001700192650003800209700002200247NUST a621.382 aKhokher, Muhammad Rizwan aImage Segmentation based on Fuzzy Rule Based System and Multilevel Graph Cuts / cMuhammad Rizwan Khokher aRawalpindib MCS - NUST, c2012 a62 p. ; 30cm aElectrical Engineering-MS-Thesis  aDr. Abdul Ghafoor